000 00969nam0a22002291i 4500
001 rc\1015402
005 20240723190930.0
035 _a(NLR Aleph) 006180654
090 _a6061984
_c6061984
100 _a20041129d1981 u |0rusy50 ca
101 0 _arus
102 _aRU
105 _ay |||||||||
200 1 _aДеятельность КПСС по идейно-политическому воспитанию рабочей молодежи в период между XXV и XXVI съездами партии
_e(На материалах Ленингр. орг. КПСС)
_eАвтореф. дис. на соиск. учен. степ. канд. ист. наук
_e(07.00.01)
210 _aЛ.
_d1981
215 _a27 с.
300 _aВ надзаг.: ЛГУ им. А.А. Жданова
700 1 _aМатвеева
_bВ.С.
_gВалентина Сергеевна
801 0 _aRU
_bNLR
_gpsbo
801 1 _aRU
_bELAR
_2rusmarc
852 _aNLR
_j82-4/17945
942 _cBOOK